| 000 | 00669nam a2200121Ia 4500 | ||
|---|---|---|---|
| 008 | 220620s9999||||xx |||||||||||||| ||und|| | ||
| 100 | _aSchenderlein, Anne C. | ||
| 245 | 0 |
_aGermany on their Minds _bGerman Jewish Refugees in the United States and their Relationships with Germany, 1938-1988 |
|
| 546 | _aEnglish[eng] | ||
| 650 | _aHistory||Jewish diaspora||refugees||Nazis||Third Reich||World War II||postwar||Germany||United States | ||
| 856 | _uhttps://library.oapen.org/bitstream/20.500.12657/24494/1/1005621.pdf||https://library.oapen.org/bitstream/20.500.12657/24494/1/1005621.pdf||https://library.oapen.org/bitstream/20.500.12657/24494/1/1005621.pdf | ||
| 942 | _cEB | ||
| 999 |
_c22431 _d22431 |
||